Statistics for A-Z of footballers (soccer)

Click here to take the quiz!

General Stats

  • This quiz has been taken 8,411 times
    (643 since last reset)
  • The average score is 13 of 25

Answer Stats

LetterAnswerClue% Correct
EEdersonMan City Goalkeeper
82%
NNeymarPSG Striker
80%
PPiqueBarcelona Defender
80%
OOblakAtletico Madrid Goalkeeper
78%
SSalahLiverpool Striker
76%
MModricReal Madrid Midfielder
75%
XXhakaArsenal Midfielder
71%
AAlliTottenham Midfielder
69%
LLukakuManchester United Striker
69%
GGiroudChelsea Striker
62%
QQuaresmaBesiktas Winger
59%
KKimmichBayern Munich Defender
58%
WWilsonBournemouth Striker
54%
BBarnesBurnley Striker
45%
RRiberyBayern Munich Midfielder
43%
TTosunEverton Striker
43%
FFellainiMan Utd Midfielder
41%
CChilwellLeicester Defender
38%
YYarmolenkoWest Ham Striker/Midfielder
38%
ZZabaletaWest Ham Defender
34%
VVan AanholtCrystal Palace Defender
27%
JJorgensenHuddersfield Defender
23%
DDaviesEverton Midfielder
22%
IIborraLeicester Midfielder
12%
HHemedBrighton Striker
7%

Score Distribution

Percentile by Number Answered

Percent of People with Each Score

Your Score History

You have not taken this quiz since the last reset